Navigating the Labyrinth: (Record no. 188986)

MARC details
000 -LEADER
fixed length control field 00626nam a22001937a 4500
005 - DATE AND TIME OF LATEST TRANSACTION
control field 20220608164908.0
010 ## - LCCN (DPL NO)
LC control number ENG-133102
020 ## - INTERNATIONAL STANDARD BOOK NUMBER
Terms of availability 250.00.00
International Standard Book Number 978-93-86296-99-3
035 ## - SYSTEM CONTROL NUMBER
System control number EN-116634
037 ## - SOURCE OF ACQUISITION
Source of stock number/acquisition DBAD/PUB
082 ## - DEWEY DECIMAL CLASSIFICATION NUMBER
Classification number 378.54
245 ## - TITLE STATEMENT
Title Navigating the Labyrinth:
Remainder of title Perspective on India's Higher Education/
Statement of responsibility, etc edited by Devesh Kapur and Pratap Bhanu Mehta
250 ## - EDITION STATEMENT
Remainder of edition statement Hyderabad
260 ## - PUBLICATION, DISTRIBUTION, ETC. (IMPRINT)
Date of publication, distribution, etc 2017
Name of publisher, distributor, etc Orient Blackswan Pvt. Ltd.
270 ## - ADDRESS
Address 3-6-752 Himayatnagar
City Hyderabad
Postal code 500029
300 ## - PHYSICAL DESCRIPTION
Extent x,273pp.
Dimensions 22cm(hbk)
Other physical details Index
700 ## - ADDED ENTRY--PERSONAL NAME
Personal name Devesh Kapur
942 ## - ADDED ENTRY ELEMENTS (KOHA)
Source of classification or shelving scheme Dewey Decimal Classification
Item type English Books
Call number suffix NAV
Classification part 378.54
Holdings
Withdrawn status Lost status Not for loan Collection code Home library Current library Date acquired Source of acquisition Cost, normal purchase price Full call number Barcode Copy number Cost, replacement price Koha item type
      Non-fiction Bawana Bawana 08/06/2022 DBAD/PUB 250.00 378.54 NAV EN-116634 1 250.00 English Books

© Delhi Public Library
Hit Counter
free hit counter